| 000 | 00335nam a2200121Ia 4500 | ||
|---|---|---|---|
| 008 | 230907s9999||||xx |||||||||||||| ||und|| | ||
| 082 |
_a620.103 _bSOU |
||
| 100 |
_aSoutas-Little, Robert W. _935876 |
||
| 245 | 0 | _aEngineering mechanics. | |
| 260 |
_aThomson, _bAustralia ; | United States : _c2008 |
||
| 300 | _ax, 473 p. : | ||
| 942 | _cBK | ||
| 999 |
_c598833 _d598833 |
||